LEADER 01367nam 2200385 450 001 000006604 005 20050718115200.0 010 $a0-87933-192-5 100 $a20001214d1976----km-y0itay0103----ba 101 0 $aeng 102 $aUS 200 1 $aLandforms and geomorphology$econcepts and history$fedited by Cuchlaine A. M. King 210 $aStroudsburg, Pennsylvania$cDowden, Hutchinson and Ross$dc1976 215 $aXV, 404 p.$cill.$d26 cm. 225 $aBenchmark Papers in Geology$v28 606 $aMorfologia terrestre 676 $a551.4$a(20. ed.)$9Geomorfologia e idrosfera 700 $aKing,$bCuchlaine A. M.$0297383 801 0$aIT$bUniversità della Basilicata - B.I.A.$gRICA$2unimarc 912 $a000006604 996 $aLandforms and geomorphology$975713 997 $aUNIBAS BAS $aMONING BAS $aMONOGR BAS $aINGEGNERIA CAT $aTORRE$b20$c20001214$lBAS01$h1831 CAT $aTORRE$b20$c20001215$lBAS01$h1147 CAT $aTORRE$b20$c20020322$lBAS01$h1012 CAT $c20050601$lBAS01$h1753 CAT $abatch$b01$c20050718$lBAS01$h1049 CAT $c20050718$lBAS01$h1108 CAT $c20050718$lBAS01$h1138 CAT $c20050718$lBAS01$h1152 FMT Z30 -1$lBAS01$LBAS01$mBOOK$1BASA2$APolo Tecnico-Scientifico$2DID$BDidattica$3PTS.s2.p55.15$635283$5I35283$820001215$f04$FPrestabile Didattica LEADER 01728nam 2200373 450 001 9910135445803321 005 20231208073817.0 010 $a0-7381-0986-X 024 7 $a10.1109/IEEESTD.1994.121433 035 $a(CKB)3780000000092116 035 $a(NjHacI)993780000000092116 035 $a(EXLCZ)993780000000092116 100 $a20231208d1994 uy 0 101 0 $aeng 135 $aur||||||||||| 181 $ctxt$2rdacontent 182 $cc$2rdamedia 183 $acr$2rdacarrier 200 10$aANSI/IEEE Std 1076-1993 $eIEEE Standard VHDL Language Reference Manual /$fInstitute of Electrical and Electronics Engineers 210 1$aNew York, NY, USA :$cIEEE,$d1994. 215 $a1 online resource (288 pages) 330 $aAiding in the comprehension and use of IEEE VHDL, this unique product offers a comprehensive & reliable tutorial on VHDL - not available anywhere else. An enhancement to IEEE Std 1076-1993, the interactive tutorial is organized into four modules designed to incrementally add to the user's understanding of VHDL and it's applications. This hands-on tutorial shows clear links between the many levels and layers of VHDL and provides actual examples of VHDL implementation, making it an indispensible tool for VHDL product development and users. 517 $aANSI/IEEE Std 1076-1993 606 $aVHDL (Computer hardware description language) 606 $aComputer hardware description languages 615 0$aVHDL (Computer hardware description language) 615 0$aComputer hardware description languages. 676 $a621.3819 801 0$bNjHacI 801 1$bNjHacl 906 $aDOCUMENT 912 $a9910135445803321 996 $aANSI$92072434 997 $aUNINA